Normal view
MARC view
- Spencer, Stephen
Entry Personal Name
001 - CONTROL NUMBER
- control field: 121606
003 - CONTROL NUMBER IDENTIFIER
- control field: NUST
005 - DATE AND TIME OF LATEST TRANSACTION
- control field: 20240228144341.0
008 - FIXED-LENGTH DATA ELEMENTS
- fixed length control field: 240228|| aca||aabn | a|a d
040 ## - CATALOGING SOURCE
- Original cataloging agency: NUST
- Transcribing agency: NUST
100 ## - HEADING--PERSONAL NAME
- Personal name: Spencer, Stephen
670 ## - SOURCE DATA FOUND
- Source citation: Work cat.: (NUST)3557: Spencer, Stephen., Visual research methods in the social sciences : awakening visions, 2023.
